000 00913nam a2200241Ia 4500
999 _c30414
_d30414
003 CO-CtgCURN
005 20250409210225.0
008 190726s2004 ck g 000 0 spa d
020 _a9789588715520
040 _aCO-CtgCURN
_bspa
_ccoctgcurn
082 _a923.3
_bC758s
100 _aSierra Montoya, Jorge Emilio
_91459
245 2 _aA la sombra de el maestro /
_cJorge Emilio Sierra Montoya;prol., Jose Consuegra Bolívar
260 _aBarranquilla, Atlántico :
_bUniversidad Simón Bolívar,
_c2004
300 _a169 páginas ;
_c22 centímetros
521 _aAREA BASICA
590 _aTodos los programas acádemicos
650 _aEconomistas colombianos
_91460
700 _aConsuegra Bolívar, José
_eprólogo
_91461
942 _cBK
_h923.3
_iC758s
_2ddc